| 000 | 01266cam a22003973a 4500 | ||
|---|---|---|---|
| 001 | 15368881 | ||
| 003 | OSt | ||
| 005 | 20140410092636.0 | ||
| 008 | 980505t19981994nyua j 000 1 eng d | ||
| 010 | _a 2008576982 | ||
| 020 |
_a0590662317 _c$3.99 |
||
| 020 | _a0590662317 | ||
| 035 | _a(OCoLC)ocm39061651 | ||
| 035 | _a(OCoLC)39061651 | ||
| 040 |
_aEOW _cEOW _dOCL _dBAKER _dBTCTA _dDLC |
||
| 042 | _alccopycat | ||
| 050 | 0 | 0 |
_aPZ 7 _b.B146 1998 |
| 100 | 1 |
_aBaglio, Ben M. _95246 |
|
| 245 | 1 | 0 |
_aPonies at the point / _cBen M. Baglio ; illustrations by Shelagh McNicholas ; [cover illustration by Peter Mueller]. |
| 260 |
_aNew York : _bScholastic, _c1998. |
||
| 300 |
_a136 p. : _bill. ; _c20 cm. |
||
| 440 | 0 |
_aAnimal Ark ; _v2 _928894 |
|
| 490 | 0 | _aA working partners book | |
| 490 | 0 | _aBen M. Baglio's Animal Ark | |
| 521 | _aG5 | ||
| 526 | _c720 | ||
| 650 | 0 |
_aAnimals _vFiction. _928895 |
|
| 650 | 0 |
_aHorses _vFiction. _928896 |
|
| 650 | 0 |
_aVeterinarians _vFiction. _928897 |
|
| 655 | 7 |
_aChildren's stories. _2lcsh _93012 |
|
| 710 | 2 |
_aCopyright Paperback Collection (Library of Congress) _5DLC _9705 |
|
| 906 |
_a7 _bcbc _ccopycat _d2 _encip _f20 _gy-genrareb |
||
| 942 |
_2lcc _cBK |
||
| 999 |
_c34819 _d34819 |
||